[Event "Coral Springs Turkey Bowl op 19th"]
[Site "Coral Springs"]
[Date "2021.11.14"]
[Round "5"]
[White "Hernandez Sosa, Oscar Luis"]
[Black "Hernandez Bonilla, Amelia"]
[Result "1/2-1/2"]
[WhiteElo "2052"]
[BlackElo "1995"]
[PlyCount "48"]
[EventDate "2021.11.12"]
[EventType "swiss"]
[EventRounds "5"]
[EventCountry "USA"]
[SourceTitle "EXT 2023"]
[Source "ChessBase"]
[SourceDate "2022.10.05"]
[SourceVersion "1"]
[SourceVersionDate "2022.10.05"]
[SourceQuality "1"]

1. e4 c5 2. Nf3 d6 3. Nc3 Nc6 4. Bb5 e5 5. d3 Nf6 6. h3 h6 7. a4 Be6 8. Bd2 Be7 9. a5 a6 10. Bxc6+ bxc6 11. b3 0-0 12. g4 Nh7 13. Ne2 Ng5 14. Ng3 Nxf3+ 15. Qxf3 Bh4 16. Nf5 Bxf5 17. gxf5 Bg5 18. Rg1 Bxd2+ 19. Kxd2 Qf6 20. h4 Rad8 21. Rg4 Kh8 22. Rag1 Rg8 23. Qe3 Rb8 24. Qg5 Qd8 1/2-1/2

[Event "Francisco Martinez 8th tt"]
[Site "Santa Clara"]
[Date "2018.08.20"]
[Round "9.2"]
[White "Cabrera Gonzalez, Maximo Ariel"]
[Black "Hernandez Sosa, Oscar Luis"]
[Result "1/2-1/2"]
[WhiteElo "2009"]
[BlackElo "2055"]
[PlyCount "120"]
[EventDate "2018.08.16"]
[EventType "team-tourn"]
[EventRounds "10"]
[EventCountry "CUB"]
[EventCategory "8"]
[SourceTitle "EXT 2021"]
[Source "ChessBase"]
[SourceDate "2020.10.23"]
[SourceVersion "1"]
[SourceVersionDate "2020.10.23"]
[SourceQuality "1"]

1. d4 Nf6 2. Nf3 d5 3. g3 g6 4. Bg2 Bg7 5. 0-0 0-0 6. c4 c6 7. cxd5 cxd5 8. Nc3 Nc6 9. Ne5 Qb6 10. Nxc6 Qxc6 11. Bg5 Be6 12. e4 Qd7 13. e5 Ne8 14. Qa4 Qd8 15. Qb3 h6 16. Be3 Rb8 17. Bxd5 Bxd5 18. Qxd5 Nc7 19. Qxd8 Rfxd8 20. f4 b5 21. a3 a5 22. Bf2 b4 23. axb4 axb4 24. Ne4 Nd5 25. Ra7 Bf8 26. Kg2 Rbc8 27. Nc5 e6 28. Rfa1 Ne7 29. Rd7 Nc6 30. Rxd8 Rxd8 31. Nb3 Ne7 32. Ra7 Nd5 33. Kf3 Rc8 34. Nc5 Be7 35. Ke4 Bd8 36. g4 Bb6 37. Ra4 Kf8 38. Nd7+ Ke7 39. Nxb6 Nxb6 40. Rxb4 Nd5 41. Rb7+ Ke8 42. Bg3 Rc2 43. Kd3 Rc1 44. b4 Rc3+ 45. Kd2 Rc4 46. Kd3 Rc3+ 47. Ke2 Rc2+ 48. Kf3 Rc3+ 49. Kg2 Rc4 50. Rb8+ Kd7 51. Rb7+ Ke8 52. b5 Rxd4 53. Kf3 Rb4 54. Rb8+ Kd7 55. Rf8 Ke7 56. Rh8 Rxb5 57. Rxh6 Rb3+ 58. Ke2 Rb4 59. Kf3 Rb3+ 60. Kf2 Rb2+ 1/2-1/2

[Event "Agosto de Victorias op"]
[Site "Mayabeque"]
[Date "2018.08.08"]
[Round "9"]
[White "Gonzalez Ramos, Eduardo"]
[Black "Hernandez Sosa, Oscar Luis"]
[Result "1-0"]
[WhiteElo "2120"]
[BlackElo "2055"]
[PlyCount "103"]
[EventDate "2018.08.04"]
[EventType "swiss"]
[EventRounds "9"]
[EventCountry "CUB"]
[SourceTitle "EXT 2021"]
[Source "ChessBase"]
[SourceDate "2020.10.23"]
[SourceVersion "1"]
[SourceVersionDate "2020.10.23"]
[SourceQuality "1"]

1. e4 c5 2. Nf3 Nc6 3. Bc4 e6 4. 0-0 Be7 5. Re1 Nf6 6. e5 Ng8 7. Nc3 d5 8. Bf1 Nh6 9. d3 Nf5 10. Ne2 0-0 11. c3 b6 12. Bf4 Bb7 13. Qd2 Nh4 14. Nxh4 Bxh4 15. g3 Be7 16. Bg2 Rb8 17. h4 b5 18. Kh2 b4 19. Ng1 Ba8 20. Bg5 Re8 21. f4 f6 22. exf6 Bxf6 23. Nf3 h6 24. Bxf6 Qxf6 25. Ne5 Nxe5 26. Rxe5 bxc3 27. Qxc3 Rec8 28. Rae1 Rb6 29. Bh3 Rcb8 30. b3 c4 31. dxc4 dxc4 32. Bxe6+ Kh8 33. Bxc4 Bc6 34. R5e3 Qxc3 35. Rxc3 Rd8 36. Kg1 Bb5 37. Bxb5 Rxb5 38. Kf2 Rd7 39. Re5 Rb6 40. h5 Rd2+ 41. Kf3 Rb7 42. Re8+ Kh7 43. Rcc8 g5 44. Rh8+ Kg7 45. Rcg8+ Kf7 46. Rxg5 hxg5 47. Rh7+ Kf6 48. Rxb7 Rxa2 49. h6 a5 50. Rb6+ Kf7 51. fxg5 Rb2 52. g6+ 1-0

[Event "Agosto de Victorias op"]
[Site "Mayabeque"]
[Date "2018.08.06"]
[Round "6"]
[White "Figueredo Dominguez, Reinaldo R"]
[Black "Hernandez Sosa, Oscar Luis"]
[Result "1/2-1/2"]
[WhiteElo "1921"]
[BlackElo "2055"]
[PlyCount "63"]
[EventDate "2018.08.04"]
[EventType "swiss"]
[EventRounds "9"]
[EventCountry "CUB"]
[SourceTitle "EXT 2021"]
[Source "ChessBase"]
[SourceDate "2020.10.23"]
[SourceVersion "1"]
[SourceVersionDate "2020.10.23"]
[SourceQuality "1"]

1. e4 c5 2. Nf3 Nc6 3. Bb5 e5 4. c3 Nge7 5. d4 exd4 6. cxd4 cxd4 7. Nxd4 Qb6 8. Bxc6 Nxc6 9. Nb3 Be7 10. 0-0 0-0 11. Nc3 Qd8 12. Bf4 Re8 13. Nd5 d6 14. Nxe7+ Qxe7 15. Bxd6 Qxe4 16. Re1 Qxe1+ 17. Qxe1 Rxe1+ 18. Rxe1 Bf5 19. Bc5 Rd8 20. Nd4 Nxd4 21. Bxd4 Be6 22. Bxa7 Ra8 23. Bd4 Rxa2 24. Bc3 h6 25. h3 b5 26. Re5 Bc4 27. Kh2 Ra8 28. Kg3 Rb8 29. Bb4 Rd8 30. Bc5 Rd3+ 31. Re3 Rd5 32. b4 1/2-1/2

[Event "Villa Yayabo tt"]
[Site "Sancti Spiritus"]
[Date "2018.06.06"]
[Round "2.1"]
[White "Hernandez Sosa, Oscar Luis"]
[Black "Aragon Placencia, Jesus"]
[Result "0-1"]
[WhiteElo "2072"]
[BlackElo "2055"]
[PlyCount "96"]
[EventDate "2018.06.04"]
[EventType "team-tourn"]
[EventRounds "10"]
[EventCountry "CUB"]
[SourceTitle "EXT 2021"]
[Source "ChessBase"]
[SourceDate "2020.10.23"]
[SourceVersion "1"]
[SourceVersionDate "2020.10.23"]
[SourceQuality "1"]

1. c4 e5 2. Nc3 Nc6 3. g3 Nf6 4. Bg2 Be7 5. d3 0-0 6. Nf3 d5 7. cxd5 Nxd5 8. 0-0 Be6 9. a3 h6 10. Bd2 Qd7 11. b4 Nxc3 12. Bxc3 Bf6 13. Rc1 Nd4 14. Bxd4 exd4 15. Nd2 c6 16. Re1 Bg5 17. Rc5 Be7 18. Rc1 a5 19. Rb1 axb4 20. axb4 Bd5 21. Bxd5 Qxd5 22. Qb3 Qxb3 23. Rxb3 Ra2 24. Ne4 Rfa8 25. e3 dxe3 26. Rxe3 Rc2 27. b5 f5 28. bxc6 bxc6 29. Rb7 Bf8 30. d4 fxe4 31. Rxe4 c5 32. dxc5 Bxc5 33. Rf4 Rf8 34. Kg2 Rxf4 35. gxf4 Bxf2 36. Kf3 Bh4 37. Kg4 Rxh2 38. Kf5 Kh7 39. Rb5 Bf6 40. Kg4 Rg2+ 41. Kh3 Rg1 42. Rf5 Kg6 43. Rd5 h5 44. Rb5 h4 45. f5+ Kg5 46. Rb3 Rg3+ 47. Rxg3+ hxg3 48. Kxg3 Kxf5 0-1

[Event "Villa Yayabo tt"]
[Site "Sancti Spiritus"]
[Date "2018.06.05"]
[Round "4.1"]
[White "Hernandez Sosa, Oscar Luis"]
[Black "Molina Garcia, Liester"]
[Result "1-0"]
[WhiteElo "2072"]
[BlackElo "2030"]
[PlyCount "105"]
[EventDate "2018.06.04"]
[EventType "team-tourn"]
[EventRounds "10"]
[EventCountry "CUB"]
[SourceTitle "EXT 2021"]
[Source "ChessBase"]
[SourceDate "2020.10.23"]
[SourceVersion "1"]
[SourceVersionDate "2020.10.23"]
[SourceQuality "1"]

1. c4 c6 2. e4 d5 3. exd5 cxd5 4. d4 Nf6 5. Nc3 Nc6 6. Bg5 dxc4 7. d5 Ne5 8. Qd4 Nd3+ 9. Bxd3 cxd3 10. 0-0-0 Bf5 11. Bxf6 gxf6 12. Nf3 Bh6+ 13. Nd2 0-0 14. g4 e5 15. Qb4 Bg6 16. h4 Bxd2+ 17. Rxd2 h6 18. f4 a5 19. Qb5 exf4 20. Rf1 Qe7 21. Qa4 f3 22. Qf4 Kg7 23. Qxf3 Rac8 24. Kb1 Rfe8 25. h5 Bh7 26. a3 Qe5 27. Qf4 Rcd8 28. Ka1 Rd6 29. Qc4 b6 30. Ka2 Re7 31. Rxd3 Bxd3 32. Qxd3 Qe3 33. Qf5 Re5 34. Qc8 Qd3 35. Rd1 Qf3 36. Qc4 Qe3 37. Qc7 Qc5 38. Qxc5 bxc5 39. Kb3 Rg5 40. Kc4 Rxg4+ 41. Kxc5 Rd8 42. Kc6 Rc4+ 43. Kb5 Rcc8 44. Rd2 f5 45. d6 Kf6 46. Kxa5 f4 47. Kb6 Ke5 48. d7 Rc4 49. Nb5 f3 50. Nd6 Rf4 51. Kc7 Rxd7+ 52. Kxd7 f2 53. Nc4+ 1-0

[Event "Villa Yayabo tt"]
[Site "Sancti Spiritus"]
[Date "2018.06.05"]
[Round "3.1"]
[White "Ulloa Gonzalez, Luis Manuel"]
[Black "Hernandez Sosa, Oscar Luis"]
[Result "1-0"]
[WhiteElo "2037"]
[BlackElo "2072"]
[PlyCount "101"]
[EventDate "2018.06.04"]
[EventType "team-tourn"]
[EventRounds "10"]
[EventCountry "CUB"]
[SourceTitle "EXT 2021"]
[Source "ChessBase"]
[SourceDate "2020.10.23"]
[SourceVersion "1"]
[SourceVersionDate "2020.10.23"]
[SourceQuality "1"]

1. e4 c5 2. Nf3 Nc6 3. g3 g6 4. Bg2 Bg7 5. 0-0 e6 6. d3 Nge7 7. c3 e5 8. a3 0-0 9. Be3 d6 10. b4 b6 11. b5 Na5 12. c4 Bd7 13. Bd2 Nb7 14. Nc3 Qc8 15. a4 Bh3 16. Qc1 Bxg2 17. Kxg2 f5 18. Bg5 Bf6 19. h3 Qe6 20. Nd5 Nxd5 21. cxd5 Qe7 22. Bd2 Qd7 23. Bc3 Bg7 24. Nd2 f4 25. Nc4 g5 26. Qd1 f3+ 27. Kh2 Rf6 28. g4 Raf8 29. Ne3 h5 30. Nf5 hxg4 31. hxg4 Nd8 32. Qxf3 Nf7 33. Bd2 Rg6 34. Kg2 Rc8 35. Rac1 a5 36. bxa6 Ra8 37. Rb1 Rxa6 38. Rb5 Bf6 39. Rfb1 Bd8 40. a5 Qc7 41. Qh3 Nh8 42. Rh1 Bf6 43. axb6 Rxb6 44. Rxb6 Qxb6 45. Ne7+ Kf7 46. Nxg6 Nxg6 47. Qh7+ Bg7 48. Bxg5 Qb8 49. Rh6 Nf4+ 50. Bxf4 exf4 51. Qg6+ 1-0

[Event "Camajuani Guerrilleritos-C"]
[Site "Camajuani"]
[Date "2018.04.20"]
[Round "8"]
[White "Cabrera Gonzalez, Maximo Ariel"]
[Black "Hernandez Sosa, Oscar Luis"]
[Result "1/2-1/2"]
[WhiteElo "2056"]
[BlackElo "2096"]
[PlyCount "113"]
[EventDate "2018.04.16"]
[EventType "tourn"]
[EventRounds "10"]
[EventCountry "CUB"]
[SourceTitle "EXT 2021"]
[Source "ChessBase"]
[SourceDate "2020.10.23"]
[SourceVersion "1"]
[SourceVersionDate "2020.10.23"]
[SourceQuality "1"]

1. e4 c5 2. Nf3 Nc6 3. d4 cxd4 4. Nxd4 Nf6 5. Nc3 e5 6. Ndb5 d6 7. Bg5 a6 8. Na3 b5 9. Nd5 Be7 10. Bxf6 Bxf6 11. c4 b4 12. Nc2 Rb8 13. b3 0-0 14. g3 Bg5 15. Bg2 Be6 16. 0-0 a5 17. Nde3 Bxe3 18. Nxe3 Nd4 19. Nc2 Nxc2 20. Qxc2 Qb6 21. Rad1 a4 22. Rd3 Rfc8 23. Rfd1 d5 24. exd5 Bf5 25. d6 axb3 26. Qxb3 Bxd3 27. Qxd3 Qc5 28. d7 Rd8 29. Qf5 Qe7 30. Qd3 Qc5 31. Qf5 Qc7 32. Qd3 g6 33. Qd5 b3 34. axb3 Rxb3 35. Qc6 Qxc6 36. Bxc6 Rb6 37. Bb5 Kf8 38. Kf1 Ke7 39. Ke2 Ra8 40. Rd5 f6 41. Kd2 Rd6 42. Rxd6 Kxd6 43. Kc3 Kc5 44. Kd3 f5 45. Kc3 Rd8 46. Kd3 g5 47. Ke3 e4 48. g4 fxg4 49. Kxe4 Kd6 50. Kf5 Ke7 51. Kxg5 Rf8 52. Kxg4 Rxf2 53. h4 Rf6 54. c5 h6 55. c6 Kd8 56. Ba4 Kc7 57. Bb5 1/2-1/2

[Event "Camajuani Guerrilleritos-C"]
[Site "Camajuani"]
[Date "2018.04.17"]
[Round "2"]
[White "Molina Garcia, Liester"]
[Black "Hernandez Sosa, Oscar Luis"]
[Result "0-1"]
[WhiteElo "2099"]
[BlackElo "2096"]
[PlyCount "99"]
[EventDate "2018.04.16"]
[EventType "tourn"]
[EventRounds "10"]
[EventCountry "CUB"]
[SourceTitle "EXT 2021"]
[Source "ChessBase"]
[SourceDate "2020.10.23"]
[SourceVersion "1"]
[SourceVersionDate "2020.10.23"]
[SourceQuality "1"]

1. e4 c5 2. Nf3 Nc6 3. d4 cxd4 4. Nxd4 Nf6 5. Nc3 e5 6. Ndb5 d6 7. Bg5 a6 8. Na3 b5 9. Nd5 Be7 10. Bxf6 Bxf6 11. c3 0-0 12. Nc2 Bg5 13. Nce3 Be6 14. Bd3 g6 15. 0-0 Ne7 16. Nxe7+ Qxe7 17. Qf3 Kh8 18. a4 bxa4 19. Rxa4 a5 20. Rfa1 Qb7 21. Nc4 Bxc4 22. Bxc4 Qxb2 23. g3 Rac8 24. h4 Rxc4 25. hxg5 Rxa4 26. Qf6+ Kg8 27. Rxa4 Qb6 28. Qf3 Rc8 29. Qd3 Rc5 30. c4 Qc6 31. Qb3 Kg7 32. f3 h6 33. gxh6+ Kxh6 34. Kg2 Kg7 35. g4 Qc7 36. Kg3 Qa7 37. Kg2 Rc8 38. Qc3 Ra8 39. g5 Qc7 40. Qd2 Qd8 41. Kg3 Qb6 42. Kg2 Rh8 43. Ra1 a4 44. Rd1 Rd8 45. Qc3 Rb8 46. Qe1 a3 47. Ra1 Qb2+ 48. Kg3 Rh8 49. Qg1 Rh5 50. Kg4 0-1

[Event "Tomas Aguilera Angelino Memorial"]
[Site "Ciego de Avila"]
[Date "2018.04.09"]
[Round "7"]
[White "Ulloa Rey, Luis Ernesto"]
[Black "Hernandez Sosa, Oscar Luis"]
[Result "0-1"]
[WhiteElo "1806"]
[BlackElo "2096"]
[PlyCount "98"]
[EventDate "2018.04.05"]
[EventType "swiss"]
[EventRounds "9"]
[EventCountry "CUB"]
[SourceTitle "EXT 2021"]
[Source "ChessBase"]
[SourceDate "2020.10.23"]
[SourceVersion "1"]
[SourceVersionDate "2020.10.23"]
[SourceQuality "1"]

1. d4 Nf6 2. Nf3 d5 3. e3 e6 4. Bd3 c5 5. b3 Nc6 6. Nbd2 Bd6 7. Bb2 cxd4 8. exd4 0-0 9. Ne5 Qc7 10. Nxc6 bxc6 11. h3 a5 12. a4 Ba6 13. Bxa6 Rxa6 14. 0-0 Rc8 15. Rc1 Bf4 16. Qe2 Rb6 17. g3 Bd6 18. Kg2 Qe7 19. Bc3 Qa7 20. Qd3 Rbb8 21. Rfe1 Ba3 22. Ra1 Bb4 23. Bxb4 axb4 24. Rac1 c5 25. dxc5 Qxc5 26. Re2 Rc7 27. Qe3 Qxe3 28. fxe3 Rbc8 29. Nf3 Ne4 30. Nd4 Kf8 31. Nb5 Rc5 32. Na7 Nc3 33. Rf2 R8c7 34. Nb5 Nxb5 35. axb5 Rxb5 36. Kf1 Rc3 37. Ra1 Rb7 38. Rd1 Ke7 39. Kg2 Rbc7 40. Re2 f6 41. Kh2 Kd6 42. Kg2 f5 43. Kh2 g5 44. Kg2 Ke5 45. Kf3 d4 46. Rf1 f4 47. Kg4 Rxe3 48. Rxe3+ fxe3 49. Rc1 d3 0-1

[Event "Tomas Aguilera Angelino Memorial"]
[Site "Ciego de Avila"]
[Date "2018.04.06"]
[Round "3"]
[White "Machado Rojas, Gleidis Yisel"]
[Black "Hernandez Sosa, Oscar Luis"]
[Result "1-0"]
[WhiteElo "1826"]
[BlackElo "2096"]
[PlyCount "80"]
[EventDate "2018.04.05"]
[EventType "swiss"]
[EventRounds "9"]
[EventCountry "CUB"]
[SourceTitle "EXT 2021"]
[Source "ChessBase"]
[SourceDate "2020.10.23"]
[SourceVersion "1"]
[SourceVersionDate "2020.10.23"]
[SourceQuality "1"]

1. d4 Nf6 2. Nf3 d5 3. Nbd2 Bf5 4. e3 e6 5. c4 c6 6. Qb3 Qc7 7. Be2 Nbd7 8. 0-0 Be7 9. Re1 0-0 10. Nf1 Ne4 11. Ng3 Bg6 12. Bd2 dxc4 13. Bxc4 Nxd2 14. Nxd2 e5 15. d5 Nc5 16. Qc3 b5 17. Bb3 Nd3 18. Re2 Rac8 19. Nde4 cxd5 20. Qxd3 dxe4 21. Qxb5 Rb8 22. Qc4 Qa5 23. Rc2 h5 24. Rac1 Kh7 25. Qc7 Bb4 26. Qxa5 Bxa5 27. Rc5 Bd8 28. Rxe5 Bf6 29. Ra5 Rb7 30. Rc2 Kh6 31. Rac5 Rd7 32. Nf1 Rfd8 33. Rc7 Be5 34. Rxd7 Rxd7 35. g3 h4 36. Kg2 Bf5 37. h3 hxg3 38. Nxg3 Bg6 39. Ba4 Re7 40. Rc6 Bxb2 1-0

[Event "Santa Clara Salado Cup"]
[Site "Santa Clara"]
[Date "2018.04.01"]
[Round "6"]
[White "Figueredo Dominguez, Reinaldo R"]
[Black "Hernandez Sosa, Oscar Luis"]
[Result "0-1"]
[WhiteElo "1880"]
[BlackElo "2096"]
[PlyCount "74"]
[EventDate "2018.03.29"]
[EventType "swiss"]
[EventRounds "7"]
[EventCountry "CUB"]
[SourceTitle "EXT 2021"]
[Source "ChessBase"]
[SourceDate "2020.10.23"]
[SourceVersion "1"]
[SourceVersionDate "2020.10.23"]
[SourceQuality "1"]

1. e4 c5 2. Nf3 Nc6 3. Bb5 e6 4. Bxc6 bxc6 5. b3 d5 6. e5 f6 7. Bb2 f5 8. Na3 Be7 9. c4 Nh6 10. Qe2 0-0 11. d3 a5 12. 0-0 a4 13. Qc2 axb3 14. axb3 Rb8 15. Bc3 g5 16. Nb1 Qe8 17. Ra7 g4 18. Ne1 f4 19. f3 Nf5 20. Qa2 Ne3 21. fxg4 Nxf1 22. Kxf1 Rb7 23. Ra8 Qg6 24. h3 Bh4 25. Qc2 Bxe1 26. Kxe1 d4 27. Bb2 Qg5 28. Nd2 Qxe5+ 29. Ne4 Rb8 30. Rxb8 Qxb8 31. Ba3 f3 32. Bxc5 Rf7 33. gxf3 Rxf3 34. Bxd4 Qf4 35. Qg2 Rxd3 36. Bc5 Qc1+ 37. Ke2 Qc2+ 0-1

[Event "Universidad de Cienfuegos-B 10th"]
[Site "Cienfuegos"]
[Date "2018.02.25"]
[Round "9"]
[White "Hernandez Sosa, Oscar Luis"]
[Black "Brito Zamora, Alberto"]
[Result "1-0"]
[WhiteElo "2036"]
[BlackElo "2055"]
[PlyCount "61"]
[EventDate "2018.02.20"]
[EventType "tourn"]
[EventRounds "10"]
[EventCountry "CUB"]
[SourceTitle "EXT 2021"]
[Source "ChessBase"]
[SourceDate "2020.10.23"]
[SourceVersion "1"]
[SourceVersionDate "2020.10.23"]
[SourceQuality "1"]

1. e4 c5 2. Nf3 d6 3. d4 cxd4 4. Nxd4 Nf6 5. Nc3 a6 6. Be2 e6 7. 0-0 Be7 8. Be3 Qc7 9. f4 Nc6 10. Qe1 0-0 11. Qg3 Nxd4 12. Bxd4 b5 13. a3 Bb7 14. Bd3 Nh5 15. Qg4 Nf6 16. Qh3 e5 17. Be3 exf4 18. Rxf4 g6 19. Rf3 Bc8 20. Qg3 Be6 21. Raf1 Ng4 22. Nd5 Bxd5 23. Qxg4 Be6 24. Qg3 Rfe8 25. Bd4 Rac8 26. Qf4 d5 27. Qh6 Bf8 28. Qh4 Bc5 29. exd5 Bxd5 30. Qxh7+ Kf8 31. Qg7+ 1-0

[Event "Universidad de Cienfuegos-B 10th"]
[Site "Cienfuegos"]
[Date "2018.02.24"]
[Round "8"]
[White "Hernandez Sosa, Oscar Luis"]
[Black "Fuentes Perez, Luis Rolando"]
[Result "0-1"]
[WhiteElo "2036"]
[BlackElo "2066"]
[PlyCount "46"]
[EventDate "2018.02.20"]
[EventType "tourn"]
[EventRounds "10"]
[EventCountry "CUB"]
[SourceTitle "EXT 2021"]
[Source "ChessBase"]
[SourceDate "2020.10.23"]
[SourceVersion "1"]
[SourceVersionDate "2020.10.23"]
[SourceQuality "1"]

1. e4 e5 2. Nf3 Nc6 3. Bb5 Nf6 4. d4 Nxe4 5. 0-0 exd4 6. Re1 d5 7. Nxd4 Bd6 8. g3 0-0 9. Nxc6 bxc6 10. Bxc6 Nxf2 11. Kxf2 Qf6+ 12. Kg2 Bc5 13. Bxd5 Qf2+ 14. Kh1 Bg4 15. Rf1 Bxd1 16. Rxf2 Bxf2 17. Bxa8 Rxa8 18. Kg2 Bc5 19. c3 Re8 20. Kh3 h5 21. b4 Bg4+ 22. Kg2 Re2+ 23. Kf1 Rxh2 0-1

[Event "Universidad de Cienfuegos-B 10th"]
[Site "Cienfuegos"]
[Date "2018.02.24"]
[Round "7"]
[White "Perez Marimon, Jorge De Jesus"]
[Black "Hernandez Sosa, Oscar Luis"]
[Result "0-1"]
[WhiteElo "2066"]
[BlackElo "2036"]
[PlyCount "64"]
[EventDate "2018.02.20"]
[EventType "tourn"]
[EventRounds "10"]
[EventCountry "CUB"]
[SourceTitle "EXT 2021"]
[Source "ChessBase"]
[SourceDate "2020.10.23"]
[SourceVersion "1"]
[SourceVersionDate "2020.10.23"]
[SourceQuality "1"]

1. e4 c5 2. Nf3 Nc6 3. d4 cxd4 4. Nxd4 Nf6 5. Nc3 e5 6. Ndb5 d6 7. Bg5 a6 8. Na3 b5 9. Nd5 Be7 10. Bxf6 Bxf6 11. c4 b4 12. Nc2 a5 13. Be2 Bg5 14. 0-0 0-0 15. Qd3 f5 16. Bf3 Be6 17. exf5 Bxf5 18. Be4 Bxe4 19. Qxe4 Rc8 20. Rad1 Kh8 21. Rd3 Ne7 22. b3 Qe8 23. Nxe7 Bxe7 24. Rh3 h6 25. Ne3 Rf4 26. Qc2 Qf7 27. Nd5 Qxd5 28. g3 Qe4 29. Qd1 Rf5 30. Re1 Qf3 31. Qc2 Rcf8 32. Re2 Bg5 0-1

[Event "Universidad de Cienfuegos-B 10th"]
[Site "Cienfuegos"]
[Date "2018.02.23"]
[Round "6"]
[White "Hernandez Sosa, Oscar Luis"]
[Black "Gutierrez Espinosa, Karen"]
[Result "1-0"]
[WhiteElo "2036"]
[BlackElo "2036"]
[PlyCount "157"]
[EventDate "2018.02.20"]
[EventType "tourn"]
[EventRounds "10"]
[EventCountry "CUB"]
[SourceTitle "EXT 2021"]
[Source "ChessBase"]
[SourceDate "2020.10.23"]
[SourceVersion "1"]
[SourceVersionDate "2020.10.23"]
[SourceQuality "1"]

1. e4 d5 2. exd5 Qxd5 3. Nc3 Qa5 4. a3 c6 5. d4 Nf6 6. Bd3 Bg4 7. f3 Bh5 8. Nge2 Bg6 9. Bxg6 hxg6 10. Bf4 e6 11. Qd3 Nbd7 12. 0-0-0 0-0-0 13. Ne4 Nb6 14. Nxf6 gxf6 15. h4 e5 16. Be3 exd4 17. Bxd4 Bh6+ 18. Kb1 Rhe8 19. Ng3 Bf4 20. Ne4 f5 21. Qc3 Qb5 22. Nc5 Qe2 23. Nd3 Bc7 24. h5 gxh5 25. Bxb6 Bxb6 26. Qf6 Qxg2 27. Qxf5+ Kb8 28. Rxh5 Qg6 29. Rg5 Qe6 30. Rh1 Bd4 31. Rh7 Qxf5 32. Rxf5 f6 33. Rf4 c5 34. Rf5 c4 35. Nc5 Bxc5 36. Rxc5 Rc8 37. Rf5 Re6 38. Rf7 Rcc6 39. Ka2 Re2 40. Rb5 b6 41. c3 Re5 42. a4 a5 43. f4 Rxb5 44. axb5 Rd6 45. Ka3 Rd5 46. Rxf6 Rxb5 47. Rc6 Rh5 48. Rxb6+ Kc7 49. Re6 Rh1 50. Ka2 Rf1 51. Re4 Kb6 52. Rxc4 Rf2 53. Ka3 Kb5 54. Re4 Rf1 55. b3 Rf3 56. c4+ Kb6 57. Re6+ Kc5 58. Re5+ Kb6 59. Rb5+ Ka6 60. Ka4 Rxf4 61. Rxa5+ Kb6 62. Rh5 Rf8 63. Kb4 Rf6 64. Rb5+ Ka6 65. Rd5 Rh6 66. Kc5 Kb7 67. Rd7+ Kc8 68. Rg7 Rh5+ 69. Kc6 Rh6+ 70. Kb5 Rh3 71. b4 Kb8 72. c5 Rb3 73. Ka5 Rb1 74. b5 Rh1 75. Kb6 Rh6+ 76. c6 Rh8 77. Rb7+ Ka8 78. Ra7+ Kb8 79. c7+ 1-0